000 00486nam a2200157 i 4500
001 29533
003 ES-MaACL
005 20230906154041.0
007 t|
008 030122s1906 sp ||||1| spa d
100 1 _aBarcia y Pavón, Ángel María.
_9148714
245 1 0 _aCatálogo de la colección de dibujos originales de la Biblioteca Nacional /
_cAngel M. de Barcía.
260 _aMadrid :
_bRevista de Archivos,
_c1906.
300 _a362 p. ;
_c25 cm.
852 _aES-MaACL
_jC-2369
999 _c29533
_d29533